000 00542nam a2200181Ia 4500
008 100920s9999 xx 000 0 und d
082 _b75002
_a24 0
100 _aदेखणे मनोहर.
245 _aपाठलाग.
260 _bनंदादीप बुक सर्व्हिसेस्र, सोलापूर.
_c0
300 _a190
_bसाधी
365 _b120
520 _aसायो.
630 _aपाठलाग.
650 _aसायो.
730 _aपाठलाग.
942 _cBOOK
999 _c716547
_d716544